Most College football Championships - Statistics

General Stats
  • This quiz has been taken 35 times
  • The average score is 37 of 63
Answer Stats
Championships Answer % Correct
8 Georgia
91%
7 Penn
91%
24 Alabama
88%
19 Michigan
88%
17 USC
88%
5 Florida
85%
12 Harvard
85%
16 Ohio St
85%
9 Texas
85%
5 Cal
82%
9 Florida St
82%
17 Oklahoma
82%
28 Princeton
82%
1 UCLA
82%
4 Washington
82%
27 Yale
82%
1 Oregon
79%
7 Penn St
79%
8 LSU
76%
9 Miami
73%
6 Michigan St
73%
12 Nebraska
73%
22 Notre Dame
73%
3 Texas A&M
73%
2 Arkansas
70%
2 Wisconsin
70%
3 Clemson
67%
5 Illinois
67%
7 Tennessee
67%
9 Minnesota
64%
6 Auburn
61%
7 Georgia Tech
61%
5 Iowa
61%
2 Maryland
61%
3 Ole Miss
58%
11 Pitt
58%
1 Duke
55%
2 Missouri
55%
3 TCU
55%
1 Colorado
52%
2 Oklahoma St
52%
2 Stanford
52%
1 Syracuse
52%
1 Kentucky
48%
2 Arizona St
45%
5 Cornell
45%
1 Dartmouth
45%
1 Rutgers
45%
5 Army
42%
1 BYU
42%
1 Navy
42%
1 Colombia
39%
1 Purdue
36%
1 Utah
36%
3 SMU
33%
4 Vanderbilt
30%
2 Chicago
21%
1 UCF
21%
3 Lafayette
9%
1 Centre
6%
1 Colgate
6%
1 Detroit
6%
1 Washington and Jefferson
3%
No matching quizzes found
Score Distribution
Percent of People with Each Score
Percentile by Number Answered
Your Score History
You have not taken this quiz